| 000 | 00467nam a2200181Ia 4500 | ||
|---|---|---|---|
| 008 | 230524s9999 xx 000 0 und d | ||
| 020 | _a9788120338340 | ||
| 082 |
_a620.11 _bBUD |
||
| 100 | _aKenneth G.Budinski | ||
| 245 | 0 | _aEngineering Materials Properties & Selection 8th ed. | |
| 250 | _a9TH | ||
| 260 |
_aNEW DELHI _bPHI _c2009 |
||
| 300 | _aX;761 | ||
| 500 | _aQuantity Number: 7 | ||
| 650 | _aChemistry | ||
| 700 | _a Michael K. Budinski | ||
| 942 | _cBK | ||
| 999 |
_c43777 _d43777 |
||